000 00540nam a2200169Ia 4500
003 GCL
008 140319s9999 xx 000 0 ara d
040 _aGCL /
_cGCL
082 0 4 _a020.25
_bج د
100 1 _aجمعية المكتبات اللبنانية
245 1 0 _aدليل المكتبات ومراكز المعلومات فى لبنان /
_cجمعية المكتبات اللبنانية
300 _a253 ص
490 _a
650 0 4 _aمراكز المعلومات
650 0 4 _aالمكتبات - ادلة
942 _2ddc
_cBK
999 _c45122
_d45122